Economics of milk production : (Record no. 56394)
[ view plain ]
| 000 -LEADER | |
|---|---|
| fixed length control field | 00805nam a2200229 a 4500 |
| 001 - CONTROL NUMBER | |
| control field | 56394 |
| 003 - CONTROL NUMBER IDENTIFIER | |
| rucl marc code | BD-RJUL |
| 005 - DATE AND TIME OF LATEST TRANSACTION | |
| control field | 20211209080406.0 |
| 008 - FIXED-LENGTH DATA ELEMENTS--GENERAL INFORMATION | |
| fixed length control field | 161129s1995 enk 000 0 eng d |
| 020 ## - INTERNATIONAL STANDARD BOOK NUMBER | |
| International Standard Book Number | 9845590640 |
| 035 ## - SYSTEM CONTROL NUMBER | |
| System control number | (BD-RJUL)56518 |
| 040 ## - CATALOGING SOURCE | |
| Original cataloging agency | EQF |
| Transcribing agency | EQF |
| Modifying agency | BD-RJUL |
| Language of cataloging | eng |
| 041 ## - LANGUAGE CODE | |
| Language code of text/sound track or separate title | eng |
| 082 ## - DEWEY DECIMAL CLASSIFICATION NUMBER | |
| Edition number | 23 |
| Classification number | 338.1 |
| Author mark and year | ASE 1995 |
| 100 1# - MAIN ENTRY--PERSONAL NAME | |
| Personal name | Ashrafuzzaman, A K M |
| Dates associated with a name | 1952- |
| 9 (RLIN) | 167747 |
| 245 10 - TITLE STATEMENT | |
| Title | Economics of milk production : |
| Remainder of title | a study of two villages in Sirajganj District / |
| Statement of responsibility, etc. | A K M Ashrafuzzaman |
| 260 ## - PUBLICATION, DISTRIBUTION, ETC. (IMPRINT) | |
| Place of publication, distribution, etc. | Kotbar, Comilla : |
| Name of publisher, distributor, etc. | Bangladesh Academy for Rural Development, |
| Date of publication, distribution, etc. | 1995. |
| 300 ## - PHYSICAL DESCRIPTION | |
| Pagination | 65 p ; |
| Size | 30 cm. |
| 650 ## - SUBJECT ADDED ENTRY--TOPICAL TERM | |
| Topical term or geographic name as entry element | Milk trade -- United States -- Statistics -- Periodicals. |
| 9 (RLIN) | 167834 |
| 830 #0 - SERIES ADDED ENTRY--UNIFORM TITLE | |
| Uniform title | Special studies in agricultural economics ; |
| Volume number/sequential designation | rept. no. 41. |
| 942 ## - ADDED ENTRY ELEMENTS (KOHA) | |
| Source of classification or shelving scheme | Dewey Decimal Classification |
| Koha item type | Books |
| Lost status | Source of classification or shelving scheme | Damaged status | Not for loan | Collection code | Permanent Location | Current Location | Shelving location | Date acquired | Source of acquisition | Cost, normal purchase price | Total Checkouts | Full call number | Date last seen | Copy number | Koha item type |
|---|---|---|---|---|---|---|---|---|---|---|---|---|---|---|---|
| Dewey Decimal Classification | Non-fiction | Central Library, University of Rajshahi | Central Library, University of Rajshahi | 09/01/2008 | Comilla, Ban.poli. union ecademy | 75.00 | 338.1 ASE 1995 | 29/11/2016 | C-2 | Books |